000
00340 a2200121 4500
001
ART_25789
005
20260410161601.0
008
260409a
245
1
0
_a
Lavado de dinero
100
1
_a
Wainstein, Mario
700
1
_a
del Castillo, Daniel
773
0
_t
Profesional & Empresaria
_g
- Año VII, Nº 76 (ene. 2006)
_w
REV70
999
_c
9752
_d
9752